00265 a2200109 4500001000700000040003500007100003000042240003600072245003100108300000700139440000900146150625 cEscola São Tomás de Aquino aCRUZ, Therezinha M. L. da10aVagas para quem quer viverlpor10aVagas para quem quer viver a55 1aFTD